|
|
|
|
| LEADER |
00000nab#a22000007a#4500 |
| 001 |
arbauad019888 |
| 003 |
AR-BaUAD |
| 005 |
20250711111727.0 |
| 008 |
960528|||||||||###||||||b###|0###a|spa|| |
| 040 |
|
|
|a AR-BaUAD
|c AR-BaUAD
|b spa
|
| 245 |
1 |
0 |
|a Extension of the Winterthur Museum of Art
|
| 300 |
0 |
|
|b cortes, detalles, fot., plantas, implant., vistas
|
| 653 |
|
|
|a GIGON, ANNETTE
|
| 653 |
|
|
|a GUYER, MIKE
|
| 653 |
|
|
|a MUSEOS
|
| 653 |
|
|
|a AMPLIACION
|
| 653 |
|
|
|a MUSEOS DE ARTE
|
| 653 |
|
|
|a MUSEO WINTERTHUR
|
| 653 |
|
|
|a SUIZA
|
| 773 |
0 |
|
|t A+U
|g no. 307 [abr. 1996], p. 8-19
|
| 942 |
|
|
|c ARTI
|
| 952 |
|
|
|0 0
|1 0
|4 0
|7 0
|9 64807
|a AR-BAuAD
|b AR-BAuAD
|d 2025-07-11
|l 0
|p AAQA019888
|r 2025-07-11 11:17:27
|w 2025-07-11
|y ARTI
|
| 990 |
|
|
|a AQ199
|b TD
|
| 998 |
|
|
|a AAQ
|b BIBUN76
|
| 999 |
|
|
|c 44480
|d 44480
|